El nuevo modelo de identidad costarricense /
Uloženo v:
| Hlavní autor: | |
|---|---|
| Další autoři: | |
| Médium: | Kniha |
| Jazyk: | Spanish |
| Tagy: |
Přidat tag
Žádné tagy, Buďte první, kdo vytvoří štítek k tomuto záznamu!
|
MARC
| LEADER | 00000nam a22000007a 4500 | ||
|---|---|---|---|
| 003 | cru CIDCACS/IIS | ||
| 005 | 20180321104046.0 | ||
| 007 | ta | ||
| 008 | 180321s cr |||p|r||||||0| ||spa|d | ||
| 999 | |c 41163 |d 41163 | ||
| 040 | |c cru CIDCACS/IIS | ||
| 100 | 1 | |9 6814 |a Cuevas Molina, Rafael | |
| 245 | 1 | |a El nuevo modelo de identidad costarricense / |c Rafael Cuevas Molina, Andrés Mora Ramírez | |
| 300 | |a páginas 1-3: |b foto | ||
| 700 | 1 | |9 6816 |a Mora Ramírez, Andrés | |
| 942 | |2 ddc |c PP | ||
| 773 | 0 | |0 41151 |9 1901 |a Universidad Nacional de Costa Rica. |d Heredia, Costa Rica: IDELA ; ICAT-CIDEA, |o 15776 |t Suplemento Cultural/ | |
